Chuyển đến nội dung
Inicio
Centros participantes
Catálogo
Servicios
Contacto
Đăng nhập
English
Deutsch
Español
Français
Italiano
日本語
Nederlands
Português
Português (Brasil)
中文(简体)
中文(繁體)
Türkçe
עברית
Gaeilge
Cymraeg
Ελληνικά
Català
Euskara
Русский
Čeština
Suomi
Svenska
polski
Dansk
slovenščina
اللغة العربية
বাংলা
Galego
Tiếng Việt
Hrvatski
हिंदी
Հայերէն
Українська
Sámegiella
Ngôn ngữ
Tất cả các trường
Tiêu đề
Tác giả
Chủ đề
Số hiệu
số ISBN/ISSN
Nhãn
Tìm kiếm
Nâng cao
Ensayo sobre crecimiento econó...
Trích dẫn điều này
Email này
In
Xuất bản ghi
Xuất tới RefWorks
Xuất tới EndNoteWeb
Xuất tới EndNote
Lưu vào danh sách
Liên kết dài hạn
Sẵn sàng xuất —
Agregar primera valuación
Ensayo sobre crecimiento económico y planificación
Đã lưu trong:
Chi tiết về thư mục
Tác giả chính:
Dobb, Maurice
Định dạng:
Texto
Được phát hành:
Madrid:
Tecnos
Phiên bản:
2
Các nhãn:
Thêm thẻ
Không có thẻ, Là người đầu tiên thẻ bản ghi này!
Đang giữ
Miêu tả
Những bình luận
Những quyển sách tương tự
Chế độ xem nhân viên
MARC
LEADER
00000 a a2200000 04500
001
25060
003
040
020
|a
84-309-0809-9
090
|a
179100
100
|a
Dobb, Maurice
245
|a
Ensayo sobre crecimiento económico y planificación
250
|a
2
260
|a
Madrid:
|b
Tecnos
300
|a
126 p.
|b
fonodiscos
999
|c
1450
|d
1450
Những quyển sách tương tự
Las Sociedades centroamericanas actuales. Analisis y sugerencias para la planificación de sus desarrollos, tomando en cuenta la formación de sus nuevas generaciones
Temas sobre la formación profesional de la mujer /
Bằng: Ducci, María Angélica
Políticas agrarias, colonización y desarrollo rural en Ecuador /
Bằng: Barsky, Osvaldo
Costa Rica y sus hechos políticos de 1948. Problemática de una década
Bằng: Aguilar Bulgarelli, Oscar
Imperialismo y liberación. Una introducción a la historia contemporánea de América Latina
Bằng: González Casanova, Pablo